[Event "Riedstra mem U2000"]
[Site "Kitchener CAN"]
[Date "2012.03.09"]
[Round "1"]
[White "Von Keitz, Michael"]
[Black "Brammall, Stuart"]
[Result "0-1"]
[WhiteElo "1755"]
[BlackElo "1982"]
[PlyCount "112"]
[GameId "2160767909576039"]
[EventDate "2012.03.09"]
[EventType "swiss"]
[EventRounds "5"]
[EventCountry "CAN"]
[SourceTitle "EXT 2022"]
[Source "ChessBase"]
[SourceDate "2021.10.06"]
[SourceVersion "1"]
[SourceVersionDate "2021.10.06"]
[SourceQuality "1"]

1. e4 e5 2. Nf3 Nc6 3. c3 d5 4. Qa4 Qd6 5. exd5 Qxd5 6. Bc4 Qe4+ 7. Kd1 Be6 8. d3 Qg4 9. Bb5 Qxa4+ 10. Bxa4 Bd6 11. Ng5 Bd7 12. Bb3 Nh6 13. Ne4 Be7 14. Bxh6 gxh6 15. Nbd2 Rg8 16. Ng3 O-O-O 17. Bxf7 Rgf8 18. Bh5 Be6 19. Kc2 Rxf2 20. Bf3 Bc4 21. Be4 Bg5 22. Rad1 Bxa2 23. Rhf1 Rdf8 24. Bf5+ R8xf5 25. Nxf5 Rxg2 26. Ng3 Na5 27. Nge4 Bb3+ 28. Kc1 Bxd1 29. Nxg5 hxg5 30. Kxd1 Rxh2 31. Rf5 g4 32. Rxe5 Nc6 33. Re3 Kd7 34. Nc4 h5 35. Nd2 Rg2 36. Ne4 Kc8 37. Nf6 h4 38. Re8+ Nd8 39. Re4 h3 40. Nxg4 Rxb2 41. Re2 Rxe2 42. Kxe2 Ne6 43. Kf3 a5 44. Ne3 a4 45. Nc2 Kd7 46. Kg3 Ng5 47. Na3 c5 48. c4 Kc6 49. Nb5 Kd7 50. Na3 Ke6 51. Nc2 Ke5 52. Na3 Kd4 53. Nc2+ Kxd3 54. Na1 Kxc4 55. Kh2 Kc3 56. Kg1 Kb2 0-1

[Event "Riedstra mem U2000"]
[Site "Kitchener CAN"]
[Date "2012.03.09"]
[Round "1"]
[White "Wang, Eric1"]
[Black "Hassain, Mahmud"]
[Result "1/2-1/2"]
[WhiteElo "1717"]
[BlackElo "1936"]
[PlyCount "104"]
[GameId "2160767909576040"]
[EventDate "2012.03.09"]
[EventType "swiss"]
[EventRounds "5"]
[EventCountry "CAN"]
[SourceTitle "EXT 2022"]
[Source "ChessBase"]
[SourceDate "2021.10.06"]
[SourceVersion "1"]
[SourceVersionDate "2021.10.06"]
[SourceQuality "1"]

1. c4 Nf6 2. Nc3 g6 3. g3 Bg7 4. Bg2 O-O 5. d3 d6 6. a3 a5 7. e4 c5 8. Nge2 Nc6 9. O-O Nd7 10. Be3 Nd4 11. Bxd4 cxd4 12. Nb5 Qb6 13. Kh1 e5 14. f4 Nf6 15. Qc2 a4 16. Nc1 Kh8 17. b3 axb3 18. Nxb3 Ng4 19. Qe2 Ne3 20. Rfb1 Bg4 21. Bf3 Bxf3+ 22. Qxf3 Qc6 23. Nd2 Ra6 24. Nf1 exf4 25. Qxf4 Be5 26. Qf3 f5 27. Nxe3 fxe4 28. Qxe4 Qxe4+ 29. dxe4 dxe3 30. Ra2 Rc6 31. Re2 Rxc4 32. Rb4 Rf1+ 33. Kg2 Rxb4 34. axb4 Rb1 35. Rxe3 Rxb4 36. Nc7 Rb2+ 37. Kh3 b5 38. Rd3 Kg7 39. Rd5 b4 40. Rb5 Kf7 41. Nd5 Rb1 42. Ne3 Bf6 43. Nc4 b3 44. Kg4 b2 45. Nd2 Ke6 46. Nc4 Bd4 47. Rb4 Kd7 48. Rb7+ Kc6 49. Rxh7 Kc5 50. Rc7+ Kb4 51. Nxb2 Bxb2 52. Rc6 g5 1/2-1/2

[Event "Riedstra mem U2000"]
[Site "Kitchener CAN"]
[Date "2012.03.10"]
[Round "2"]
[White "Deline, Ralph"]
[Black "Gashgarian, Robert"]
[Result "1-0"]
[WhiteElo "1756"]
[BlackElo "1961"]
[PlyCount "67"]
[GameId "2160767909576041"]
[EventDate "2012.03.09"]
[EventType "swiss"]
[EventRounds "5"]
[EventCountry "CAN"]
[SourceTitle "EXT 2022"]
[Source "ChessBase"]
[SourceDate "2021.10.06"]
[SourceVersion "1"]
[SourceVersionDate "2021.10.06"]
[SourceQuality "1"]

1. e4 e5 2. Nf3 Nc6 3. Bb5 a6 4. Ba4 Nf6 5. d3 Be7 6. Bxc6 dxc6 7. Nxe5 Bc5 8. O-O Qe7 9. Nf3 Bg4 10. Be3 O-O-O 11. Nbd2 h6 12. Qe1 Rhe8 13. a3 g5 14. b4 Bxe3 15. fxe3 Nd7 16. Qg3 f5 17. Nd4 Ne5 18. Nxf5 Bxf5 19. Rxf5 Nxd3 20. cxd3 Rxd3 21. Rf2 Red8 22. Qg4+ Kb8 23. Nc4 Qg7 24. Raf1 Qc3 25. Qe6 Qb3 26. Rf8 Ka7 27. Rxd8 Rxd8 28. Qe7 Qd3 29. Qc5+ Kb8 30. e5 Kc8 31. e6 Re8 32. e7 Qe4 33. Rf8 Kd7 34. Ne5+ 1-0

[Event "Riedstra mem U2000"]
[Site "Kitchener CAN"]
[Date "2012.03.10"]
[Round "2"]
[White "Forsyth, Barry"]
[Black "Von Keitz, Michael"]
[Result "0-1"]
[WhiteElo "1680"]
[BlackElo "1755"]
[PlyCount "56"]
[GameId "2160767909576042"]
[EventDate "2012.03.09"]
[EventType "swiss"]
[EventRounds "5"]
[EventCountry "CAN"]
[SourceTitle "EXT 2022"]
[Source "ChessBase"]
[SourceDate "2021.10.06"]
[SourceVersion "1"]
[SourceVersionDate "2021.10.06"]
[SourceQuality "1"]

1. e4 c5 2. Nf3 d6 3. d4 cxd4 4. Nxd4 Nf6 5. Nc3 a6 6. Be2 g6 7. Be3 Bg7 8. O-O O-O 9. h3 b5 10. a3 Bb7 11. Bd3 Nc6 12. Nf3 Rc8 13. Qd2 Na5 14. Bh6 Nc4 15. Bxc4 Rxc4 16. Bxg7 Kxg7 17. b3 Nxe4 18. Qe3 Rxc3 19. Qf4 Rxc2 20. Rae1 e5 21. Nxe5 dxe5 22. Qxe5+ Qf6 23. Rxe4 Bxe4 24. Qxe4 Rfc8 25. f4 Rc1 26. Qe5 Rxf1+ 27. Kxf1 Qxe5 28. fxe5 Rc3 0-1

[Event "Riedstra mem U2000"]
[Site "Kitchener CAN"]
[Date "2012.03.10"]
[Round "2"]
[White "Forsyth, Garrett"]
[Black "Baljeu, Alan"]
[Result "0-1"]
[WhiteElo "1655"]
[BlackElo "1945"]
[PlyCount "66"]
[GameId "2160767909576043"]
[EventDate "2012.03.09"]
[EventType "swiss"]
[EventRounds "5"]
[EventCountry "CAN"]
[SourceTitle "EXT 2022"]
[Source "ChessBase"]
[SourceDate "2021.10.06"]
[SourceVersion "1"]
[SourceVersionDate "2021.10.06"]
[SourceQuality "1"]

1. e4 b6 2. d4 Bb7 3. Bd3 Nf6 4. Qe2 e6 5. Nf3 Nc6 6. a3 d6 7. O-O Be7 8. c4 e5 9. d5 Nb8 10. b4 Nbd7 11. Nc3 Nf8 12. Ne1 Ng6 13. f4 exf4 14. Bxf4 Nd7 15. Bg3 Bf6 16. Rc1 a5 17. Nb5 Be5 18. Bf2 axb4 19. axb4 Nf4 20. Qd2 O-O 21. Be3 Nxd3 22. Nxd3 c6 23. Nxe5 cxb5 24. Nc6 Qe8 25. Qd4 bxc4 26. Rxc4 b5 27. Rc3 Rc8 28. Bf4 Bxc6 29. Rxc6 Rxc6 30. dxc6 Ne5 31. Qc3 Nc4 32. Qg3 Qxe4 33. Bxd6 Qd4+ 0-1

[Event "Riedstra mem U2000"]
[Site "Kitchener CAN"]
[Date "2012.03.10"]
[Round "2"]
[White "Gillanders, Robert"]
[Black "Chuchin, Sasha"]
[Result "1-0"]
[WhiteElo "1866"]
[BlackElo "1668"]
[PlyCount "130"]
[GameId "2160767909576044"]
[EventDate "2012.03.09"]
[EventType "swiss"]
[EventRounds "5"]
[EventCountry "CAN"]
[SourceTitle "EXT 2022"]
[Source "ChessBase"]
[SourceDate "2021.10.06"]
[SourceVersion "1"]
[SourceVersionDate "2021.10.06"]
[SourceQuality "1"]

1. d4 d5 2. c4 c6 3. Nc3 Nf6 4. Nf3 Bg4 5. Qb3 b6 6. e3 e6 7. Ne5 Bd6 8. cxd5 Bxe5 9. dxe5 Nxd5 10. Ne4 O-O 11. f3 Bh5 12. Be2 Qh4+ 13. Nf2 Qb4+ 14. Bd2 Qxb3 15. axb3 Bg6 16. e4 Nc7 17. Bb4 c5 18. Bc3 a5 19. Rd1 Nba6 20. Rd6 Rab8 21. O-O Rfc8 22. Rfd1 Kf8 23. g4 h5 24. h3 Ke8 25. f4 hxg4 26. hxg4 Nb4 27. Bxb4 axb4 28. f5 Bh7 29. Kg2 Rd8 30. Rh1 Bg8 31. Rh8 Kf8 32. g5 exf5 33. exf5 Rxd6 34. exd6 Ne8 35. d7 Nd6 36. f6 Rd8 37. Bg4 c4 38. Rh3 Nb7 39. Ne4 cxb3 40. fxg7+ Kxg7 41. Nf6 Kg6 42. Ne4 Nc5 43. Rh6+ Kg7 44. Nxc5 bxc5 45. Rc6 Kf8 46. Rxc5 Bh7 47. Rc4 Ke7 48. Rxb4 Bc2 49. Kg3 f5 50. gxf6+ Kxf6 51. Rd4 Ke5 52. Rb4 Kf6 53. Kf4 Ke7 54. Ke5 Rxd7 55. Bxd7 Kxd7 56. Kd5 Kc7 57. Kc5 Bd1 58. Rf4 Bh5 59. Rf5 Bg4 60. Rf7+ Kb8 61. Kb6 Kc8 62. Rc7+ Kd8 63. Rc3 Be6 64. Kc6 Bf7 65. Kd6 Ke8 1-0

[Event "Riedstra mem U2000"]
[Site "Kitchener CAN"]
[Date "2012.03.10"]
[Round "2"]
[White "Hassain, Mahmud"]
[Black "Kiss, Istvan3"]
[Result "1-0"]
[WhiteElo "1936"]
[BlackElo "1811"]
[PlyCount "85"]
[GameId "2160767909576045"]
[EventDate "2012.03.09"]
[EventType "swiss"]
[EventRounds "5"]
[EventCountry "CAN"]
[SourceTitle "EXT 2022"]
[Source "ChessBase"]
[SourceDate "2021.10.06"]
[SourceVersion "1"]
[SourceVersionDate "2021.10.06"]
[SourceQuality "1"]

1. e4 c5 2. Nf3 d6 3. d4 cxd4 4. Nxd4 Nf6 5. Nc3 Nc6 6. Bg5 e6 7. Be2 Be7 8. Qd2 Nd7 9. Bxe7 Qxe7 10. O-O-O O-O 11. Nxc6 bxc6 12. Qxd6 Qg5+ 13. f4 Qa5 14. Qxc6 Nb6 15. Qb5 Qxb5 16. Bxb5 Bb7 17. Rd6 Rfc8 18. Rhd1 g6 19. g4 Kg7 20. h4 Rxc3 21. bxc3 Bxe4 22. Rd8 Rxd8 23. Rxd8 Nd5 24. Bc6 Nxc3 25. Bxe4 Nxe4 26. Ra8 Nc3 27. Rxa7 Ne2+ 28. Kd2 Nxf4 29. Ra4 e5 30. Rxf4 exf4 31. a4 Kf6 32. a5 Ke5 33. a6 f5 34. g5 Ke4 35. Ke2 f3+ 36. Kf2 Kf4 37. a7 Kg4 38. a8=Q Kxh4 39. Qd8 Kg4 40. c4 f4 41. c5 h5 42. gxh6 g5 43. Qxg5+ 1-0

[Event "Riedstra mem U2000"]
[Site "Kitchener CAN"]
[Date "2012.03.10"]
[Round "2"]
[White "Itkin, Victor"]
[Black "Echavarria-Hidalgo, Fernando"]
[Result "1/2-1/2"]
[WhiteElo "1705"]
[BlackElo "1679"]
[PlyCount "69"]
[GameId "2160767909576046"]
[EventDate "2012.03.09"]
[EventType "swiss"]
[EventRounds "5"]
[EventCountry "CAN"]
[SourceTitle "EXT 2022"]
[Source "ChessBase"]
[SourceDate "2021.10.06"]
[SourceVersion "1"]
[SourceVersionDate "2021.10.06"]
[SourceQuality "1"]

1. e4 c5 2. Nf3 d6 3. d4 cxd4 4. Nxd4 Nf6 5. Nc3 a6 6. Bc4 e6 7. f3 b5 8. Bb3 Bb7 9. Qe2 Be7 10. Bxe6 fxe6 11. Nxe6 Qd7 12. Nxg7+ Kd8 13. Bf4 Rg8 14. Nf5 Nc6 15. O-O-O Ne8 16. Nd5 Bg5 17. Bxg5+ Rxg5 18. Nb6 Qe6 19. Qd2 Rg6 20. Qd5 Rb8 21. Rd2 Qxd5 22. Nxd5 Ne5 23. b3 Bxd5 24. Rxd5 Kd7 25. f4 Ng4 26. e5 Ke6 27. h3 Nf2 28. Rf1 Kxd5 29. Ne7+ Ke6 30. Nxg6 hxg6 31. Rxf2 dxe5 32. Re2 Rd8 33. Rxe5+ Kf6 34. g4 Ng7 35. Re4 1/2-1/2

[Event "Riedstra mem U2000"]
[Site "Kitchener CAN"]
[Date "2012.03.10"]
[Round "2"]
[White "Li, Hongyi (Tony)"]
[Black "Ortiz, Hugo"]
[Result "1-0"]
[WhiteElo "1702"]
[BlackElo "1608"]
[PlyCount "81"]
[GameId "2160767909576047"]
[EventDate "2012.03.09"]
[EventType "swiss"]
[EventRounds "5"]
[EventCountry "CAN"]

1. e4 c6 2. d4 d5 3. f3 g6 4. Be3 Bg7 5. Nc3 dxe4 6. Nxe4 Nf6 7. Qd2 O-O 8. O-O-O Bf5 9. Ng3 Be6 10. Kb1 Nd5 11. Bh6 a5 12. h4 b5 13. h5 b4 14. hxg6 fxg6 15. Bxg7 Kxg7 16. Qh6+ Kf7 17. Qxh7+ Ke8 18. Bd3 Nf4 19. Bxg6+ Nxg6 20. Qxg6+ Bf7 21. Qd3 Qd5 22. b3 a4 23. Ne4 axb3 24. cxb3 Nd7 25. Ne2 Rg8 26. Nf4 Qa5 27. Rd2 Qc7 28. g3 Nb6 29. Re1 Kf8 30. Nc5 Ke8 31. Rxe7+ Kxe7 32. Qf5 Rae8 33. Re2+ Kd8 34. Nfe6+ Bxe6 35. Rxe6 Qxg3 36. Qf6+ Kc8 37. Rxc6+ Kb8 38. Rxb6+ Kc8 39. Qf5+ Kc7 40. Qd7+ Kxb6 41. Qb7+ 1-0

[Event "Riedstra mem U2000"]
[Site "Kitchener CAN"]
[Date "2012.03.10"]
[Round "2"]
[White "Piccinin, Mario"]
[Black "Serfula, Jay"]
[Result "1-0"]
[WhiteElo "1700"]
[BlackElo "1844"]
[PlyCount "73"]
[GameId "2160767909576048"]
[EventDate "2012.03.09"]
[EventType "swiss"]
[EventRounds "5"]
[EventCountry "CAN"]
[SourceTitle "EXT 2022"]
[Source "ChessBase"]
[SourceDate "2021.10.06"]
[SourceVersion "1"]
[SourceVersionDate "2021.10.06"]
[SourceQuality "1"]

1. b3 d5 2. Bb2 c5 3. e3 Nc6 4. Bb5 Bd7 5. Nf3 a6 6. Bxc6 Bxc6 7. Ne5 Qc7 8. f4 Nf6 9. O-O g6 10. d3 Bg7 11. Nd2 O-O 12. Nxc6 Qxc6 13. Qf3 Rfd8 14. Rad1 Rac8 15. e4 Nxe4 16. Bxg7 Nxd2 17. Rxd2 Kxg7 18. f5 d4 19. Qg4 Rd6 20. Rdf2 Rf6 21. fxg6 hxg6 22. Rxf6 exf6 23. h4 Qe6 24. Qf3 b5 25. g3 Re8 26. Kg2 Qe2+ 27. Rf2 Qxf3+ 28. Kxf3 g5 29. Kg4 Re5 30. Rf5 gxh4 31. gxh4 a5 32. Rxe5 fxe5 33. Kf5 f6 34. h5 c4 35. bxc4 bxc4 36. dxc4 Kh6 37. c5 1-0

[Event "Riedstra mem U2000"]
[Site "Kitchener CAN"]
[Date "2012.03.09"]
[Round "3"]
[White "Gillanders, Robert"]
[Black "Furman, Eugene"]
[Result "1/2-1/2"]
[WhiteElo "1866"]
[BlackElo "1915"]
[PlyCount "73"]
[GameId "2160767909576049"]
[EventDate "2012.03.09"]
[EventType "swiss"]
[EventRounds "5"]
[EventCountry "CAN"]
[SourceTitle "EXT 2022"]
[Source "ChessBase"]
[SourceDate "2021.10.06"]
[SourceVersion "1"]
[SourceVersionDate "2021.10.06"]
[SourceQuality "1"]

1. d4 Nf6 2. c4 e6 3. Nc3 d5 4. Nf3 c6 5. e3 Bd6 6. b3 Bb4 7. Bd2 Bxc3 8. Bxc3 Ne4 9. Qc2 Nd7 10. Bd3 f5 11. O-O O-O 12. Rad1 a5 13. a3 b6 14. b4 axb4 15. axb4 Bb7 16. Ra1 Qc7 17. c5 b5 18. Ne5 Nxe5 19. dxe5 Rxa1 20. Rxa1 Ra8 21. Rxa8+ Bxa8 22. Bxe4 fxe4 23. f3 exf3 24. gxf3 Qa7 25. f4 Qa4 26. Qd2 Qb3 27. Kf2 Qb1 28. Qe1 Qc2+ 29. Kg1 Bb7 30. Bd4 Qg6+ 31. Kh1 h5 32. Qh4 Qb1+ 33. Kg2 Qc2+ 34. Kg1 Qd1+ 35. Kg2 Kf7 36. Qd8 Qe2+ 37. Kg1 1/2-1/2

[Event "Riedstra mem U2000"]
[Site "Kitchener CAN"]
[Date "2012.03.10"]
[Round "3"]
[White "Dragusanu, George"]
[Black "Serdula, Jay"]
[Result "1/2-1/2"]
[WhiteElo "1587"]
[BlackElo "1844"]
[PlyCount "82"]
[GameId "2160767909576050"]
[EventDate "2012.03.09"]
[EventType "swiss"]
[EventRounds "5"]
[EventCountry "CAN"]
[SourceTitle "EXT 2022"]
[Source "ChessBase"]
[SourceDate "2021.10.06"]
[SourceVersion "1"]
[SourceVersionDate "2021.10.06"]
[SourceQuality "1"]

1. e4 e6 2. d4 d5 3. Nc3 dxe4 4. Nxe4 Nf6 5. Bg5 Be7 6. Nxf6+ Bxf6 7. Bxf6 Qxf6 8. Bd3 Bd7 9. Be4 Nc6 10. Nf3 O-O 11. O-O Rfd8 12. c3 Ne7 13. Ne5 Be8 14. Rb1 Rab8 15. Qc2 h6 16. f4 Nf5 17. Bxf5 Qxf5 18. Qxf5 exf5 19. Rfe1 f6 20. Nf3 Bc6 21. Kf2 Re8 22. Rxe8+ Rxe8 23. Re1 Be4 24. Nd2 g6 25. d5 Kf7 26. c4 Re7 27. g4 Bd3 28. Rxe7+ Kxe7 29. gxf5 Bxf5 30. Ke3 Kd6 31. Kd4 c5+ 32. Ke3 b5 33. b3 bxc4 34. bxc4 Bc2 35. Ne4+ Bxe4 36. Kxe4 f5+ 37. Kf3 g5 38. h3 Ke7 39. Kg3 Kf6 40. Kf3 Kf7 41. Kg3 Ke7 1/2-1/2

[Event "Riedstra mem U2000"]
[Site "Kitchener CAN"]
[Date "2012.03.10"]
[Round "3"]
[White "Gashgarian, Robert"]
[Black "Piccinin, Mario"]
[Result "1/2-1/2"]
[WhiteElo "1961"]
[BlackElo "1700"]
[PlyCount "84"]
[GameId "2160767909576051"]
[EventDate "2012.03.09"]
[EventType "swiss"]
[EventRounds "5"]
[EventCountry "CAN"]
[SourceTitle "EXT 2022"]
[Source "ChessBase"]
[SourceDate "2021.10.06"]
[SourceVersion "1"]
[SourceVersionDate "2021.10.06"]
[SourceQuality "1"]

1. Nf3 f5 2. d4 Nf6 3. c4 d6 4. Nc3 g6 5. Qc2 Bg7 6. e4 Nc6 7. Bd3 Qd7 8. exf5 Nb4 9. Qe2 Nxd3+ 10. Qxd3 Qxf5 11. Qxf5 Bxf5 12. Nb5 Kd7 13. Be3 Ng4 14. Bf4 Bd3 15. Rc1 a6 16. Na3 Rhf8 17. Be3 Be4 18. Ke2 Nxe3 19. fxe3 h6 20. Nd2 Bf5 21. h3 g5 22. g4 Bg6 23. Nc2 b5 24. Ne1 Rab8 25. b3 c5 26. dxc5 Bb2 27. Rd1 dxc5 28. cxb5 Kc7 29. Nc4 Bg7 30. bxa6 Ra8 31. Nd3 Rxa6 32. a4 Be4 33. Rhf1 Rxf1 34. Rxf1 Kc6 35. Rf7 Bf6 36. Rf8 Bg2 37. Rc8+ Kd7 38. Rxc5 Bxh3 39. Rb5 Bxg4+ 40. Kd2 Kc7 41. Nc5 Ra7 42. b4 h5 1/2-1/2

[Event "Riedstra mem U2000"]
[Site "Kitchener CAN"]
[Date "2012.03.10"]
[Round "3"]
[White "Knechtel, Tim"]
[Black "Wang, Eric1"]
[Result "0-1"]
[WhiteElo "1675"]
[BlackElo "1717"]
[PlyCount "132"]
[GameId "2160767909576052"]
[EventDate "2012.03.09"]
[EventType "swiss"]
[EventRounds "5"]
[EventCountry "CAN"]
[SourceTitle "EXT 2022"]
[Source "ChessBase"]
[SourceDate "2021.10.06"]
[SourceVersion "1"]
[SourceVersionDate "2021.10.06"]
[SourceQuality "1"]

1. Nf3 Nf6 2. e3 d5 3. d4 Bf5 4. c4 e6 5. Nc3 Be7 6. Nh4 Bg6 7. Nxg6 hxg6 8. Qb3 b6 9. Be2 O-O 10. O-O dxc4 11. Bxc4 c5 12. d5 exd5 13. Nxd5 Nbd7 14. Rd1 Bd6 15. h3 Nxd5 16. Bxd5 Rc8 17. Bxf7+ Rxf7 18. Rxd6 Qe7 19. Rxg6 c4 20. Qd1 Qh4 21. f4 Nf6 22. Bd2 Ne4 23. Be1 Qe7 24. Qg4 Re8 25. Bh4 Qc5 26. Re1 Nd6 27. Re6 Ref8 28. Re7 Nf5 29. Rxf7 Rxf7 30. Bf2 Qb4 31. Qe2 Rd7 32. Rd1 Rxd1+ 33. Qxd1 b5 34. Qd5+ Kh8 35. Qxf5 Qxb2 36. e4 Qd2 37. Qe5 Kg8 38. Bd4 Kf8 39. Kh2 Qc1 40. Qxg7+ Ke8 41. Bg1 Qxf4+ 42. Kh1 Qxe4 43. Qg8+ Kd7 44. Qf7+ Kc8 45. Qf8+ Kd7 46. Qf7+ Kc6 47. Bxa7 Qe1+ 48. Bg1 c3 49. Qe8+ Kb7 50. Qxb5+ Kc8 51. Qc5+ Kb7 52. Qb4+ Kc6 53. a4 Qc1 54. Kh2 c2 55. Qe4+ Kd7 56. Be3 Qb1 57. Qd4+ Ke6 58. Qd2 Kf5 59. g4+ Ke4 60. Kg2 Qb2 61. h4 c1=Q 62. Qxb2 Qxb2+ 63. Bf2 Kf4 64. g5 Qb7+ 65. Kh2 Kf3 66. Bb6 Qxb6 0-1

[Event "Riedstra mem U2000"]
[Site "Kitchener CAN"]
[Date "2012.03.10"]
[Round "3"]
[White "Li, Hongyi (Tony)"]
[Black "Finlay, Ian"]
[Result "1-0"]
[WhiteElo "1702"]
[BlackElo "1882"]
[PlyCount "117"]
[GameId "2160767909576053"]
[EventDate "2012.03.09"]
[EventType "swiss"]
[EventRounds "5"]
[EventCountry "CAN"]

1. e4 e5 2. Nf3 Nc6 3. d4 exd4 4. Bc4 Be7 5. c3 d6 6. cxd4 Nf6 7. Nc3 Bg4 8. Be3 O-O 9. h3 Bd7 10. O-O a6 11. Rc1 b5 12. Bd3 Nb4 13. Bb1 c5 14. d5 a5 15. a3 Na6 16. e5 Ne8 17. Ne4 f5 18. Nc3 dxe5 19. Nxe5 Bd6 20. f4 Nf6 21. Rf3 Qe8 22. Nxd7 Qxd7 23. Qd3 b4 24. Nb5 Ne4 25. a4 Rfe8 26. Rc4 Rac8 27. Qf1 Bf8 28. Qd1 Nc7 29. Na7 Rcd8 30. Nc6 Qxc6 31. Ba2 Qxd5 32. Rd4 Qxa2 33. Rxd8 Rxd8 34. Qxd8 Ne6 35. Qxa5 Qxb2 36. Qb6 Nd4 37. Bxd4 Qxd4+ 38. Kh2 Qf6 39. Qb5 Nc3 40. Qd7 Qf7 41. Qc6 Qd5 42. Qe8 c4 43. Re3 Ne4 44. a5 c3 45. a6 Qc5 46. Qe6+ Kh8 47. Qf7 c2 48. Re1 Nf6 49. a7 Qc8 50. Ra1 Qa8 51. Qc4 Bd6 52. Qxc2 Bxf4+ 53. g3 Be5 54. Ra5 Bc3 55. Qxf5 b3 56. Qb5 Nd7 57. Ra3 Bd4 58. Qxd7 b2 59. Qb7 1-0

[Event "Riedstra mem U2000"]
[Site "Kitchener CAN"]
[Date "2012.03.10"]
[Round "3"]
[White "Ortiz, Hugo"]
[Black "Forsyth, Barry"]
[Result "0-1"]
[WhiteElo "1608"]
[BlackElo "1680"]
[PlyCount "82"]
[GameId "2160767909576054"]
[EventDate "2012.03.09"]
[EventType "swiss"]
[EventRounds "5"]
[EventCountry "CAN"]
[SourceTitle "EXT 2022"]
[Source "ChessBase"]
[SourceDate "2021.10.06"]
[SourceVersion "1"]
[SourceVersionDate "2021.10.06"]
[SourceQuality "1"]

1. d4 d5 2. Nf3 e6 3. c4 c5 4. cxd5 exd5 5. g3 Nf6 6. Bg2 Nc6 7. O-O Be7 8. dxc5 Bxc5 9. Bg5 h6 10. Bd2 Be6 11. a3 a5 12. Qb3 Qb6 13. Qxb6 Bxb6 14. Rd1 O-O 15. Be1 Rfe8 16. Nbd2 Re7 17. Nb3 Rae8 18. e3 Bf5 19. Nfd4 Be4 20. Bxe4 dxe4 21. Nxc6 bxc6 22. Bxa5 Bxa5 23. Nxa5 c5 24. Rd2 Rd7 25. Rad1 Red8 26. Rxd7 Rxd7 27. Rxd7 Nxd7 28. Kf1 Kf8 29. Nc4 Ke7 30. Ke2 Ke6 31. a4 Kd5 32. b3 h5 33. Kd2 g5 34. Kc3 g4 35. a5 Nb8 36. Nb6+ Kc6 37. Kc4 Na6 38. Na4 f6 39. Nb6 Nb4 40. Na4 Nd3 41. Nc3 Ne5# 0-1

[Event "Riedstra mem U2000"]
[Site "Kitchener CAN"]
[Date "2012.03.10"]
[Round "3"]
[White "Von Keitz, Michael"]
[Black "Forsyth, Garrett"]
[Result "0-1"]
[WhiteElo "1755"]
[BlackElo "1655"]
[PlyCount "62"]
[GameId "2160767909576055"]
[EventDate "2012.03.09"]
[EventType "swiss"]
[EventRounds "5"]
[EventCountry "CAN"]
[SourceTitle "EXT 2022"]
[Source "ChessBase"]
[SourceDate "2021.10.06"]
[SourceVersion "1"]
[SourceVersionDate "2021.10.06"]
[SourceQuality "1"]

1. Nf3 c5 2. g3 Nf6 3. b3 g6 4. Bg2 Bg7 5. Bb2 d5 6. d4 cxd4 7. Qxd4 O-O 8. Ne5 Nbd7 9. Bc3 Ne4 10. f4 Nxc3 11. Nxc3 Nxe5 12. fxe5 Bf5 13. O-O-O Qa5 14. Kb2 Rac8 15. Bxd5 Rfd8 16. b4 Qc7 17. Nb5 Qxc2+ 18. Ka3 Qxe2 19. Nc3 Qa6+ 20. Kb2 e6 21. g4 exd5 22. gxf5 Rc4 23. b5 Qa5 24. Qe3 d4 25. Rxd4 Rcxd4 26. f6 Bf8 27. e6 Rd2+ 28. Ka1 Qa3 29. Rb1 Rxa2+ 30. Nxa2 Qxe3 31. e7 Qe5+ 0-1

[Event "Riedstra mem U2000"]
[Site "Kitchener CAN"]
[Date "2012.03.11"]
[Round "4"]
[White "Chuchin, Sasha"]
[Black "Gashgarian, Robert"]
[Result "1-0"]
[WhiteElo "1668"]
[BlackElo "1961"]
[PlyCount "71"]
[GameId "2160767909576056"]
[EventDate "2012.03.09"]
[EventType "swiss"]
[EventRounds "5"]
[EventCountry "CAN"]
[SourceTitle "EXT 2022"]
[Source "ChessBase"]
[SourceDate "2021.10.06"]
[SourceVersion "1"]
[SourceVersionDate "2021.10.06"]
[SourceQuality "1"]

1. e4 e5 2. Nf3 Nc6 3. Bc4 Bc5 4. d3 Qe7 5. Nc3 h6 6. Nd5 Qd8 7. c3 Nf6 8. d4 exd4 9. cxd4 Bb6 10. Nxb6 axb6 11. e5 Qe7 12. O-O Ne4 13. Bd5 Ng5 14. Nxg5 hxg5 15. f4 gxf4 16. Rxf4 Nd8 17. Qg4 g6 18. Rf6 d6 19. Bxf7+ Nxf7 20. Qxg6 dxe5 21. dxe5 Qc5+ 22. Rf2 Qd5 23. Bg5 Be6 24. Raf1 Qxe5 25. Rxf7 Qxh2+ 26. Kf2 Bxf7 27. Re1+ Kd7 28. Qxf7+ Kc6 29. Rc1+ Kd6 30. Qe7+ Kd5 31. Rd1+ Kc4 32. Qe4+ Kb5 33. Qd3+ Kc5 34. Rc1+ Kb4 35. Bd2+ Ka4 36. Qb3# 1-0

[Event "Riedstra mem U2000"]
[Site "Kitchener CAN"]
[Date "2012.03.11"]
[Round "4"]
[White "Finlay, Ian"]
[Black "Von Keitz, Michael"]
[Result "1-0"]
[WhiteElo "1882"]
[BlackElo "1755"]
[PlyCount "81"]
[GameId "2160767909576057"]
[EventDate "2012.03.09"]
[EventType "swiss"]
[EventRounds "5"]
[EventCountry "CAN"]
[SourceTitle "EXT 2022"]
[Source "ChessBase"]
[SourceDate "2021.10.06"]
[SourceVersion "1"]
[SourceVersionDate "2021.10.06"]
[SourceQuality "1"]

1. e4 e6 2. d4 d5 3. e5 c5 4. Qg4 cxd4 5. Nf3 Qc7 6. Bd3 Nc6 7. Qg3 f6 8. Bxh7 Nxe5 9. Bg6+ Kd8 10. Nxd4 Nxg6 11. Qxg6 Bc5 12. Nf3 e5 13. Qg3 Bd6 14. Qg6 e4 15. Nd4 Be5 16. Be3 Nh6 17. Nc3 Qd7 18. O-O-O Qg4 19. Qxg4 Nxg4 20. Nxd5 Rxh2 21. Rxh2 Nxh2 22. Nb3 Ke8 23. Nd2 Bg4 24. Rh1 Be6 25. Nf4 Bxf4 26. Bxf4 Ng4 27. Rh8+ Kf7 28. Rxa8 Nxf2 29. Rxa7 Bd5 30. Ra5 Ke6 31. Nb3 Bxb3 32. axb3 g5 33. Bxg5 fxg5 34. Kd2 g4 35. Ke3 g3 36. Rb5 Kf6 37. Rxb7 Kf5 38. Rf7+ Ke5 39. Rxf2 gxf2 40. Kxf2 Kf4 41. b4 1-0

[Event "Riedstra mem U2000"]
[Site "Kitchener CAN"]
[Date "2012.03.11"]
[Round "4"]
[White "Forsyth, Barry"]
[Black "Zhao, Yue Tong (Davy)"]
[Result "1-0"]
[WhiteElo "1680"]
[BlackElo "1643"]
[PlyCount "73"]
[GameId "2160767909576058"]
[EventDate "2012.03.09"]
[EventType "swiss"]
[EventRounds "5"]
[EventCountry "CAN"]

1. b3 a5 2. Bb2 Nc6 3. e3 d5 4. Nf3 e6 5. a3 Nf6 6. h3 Bd6 7. c4 O-O 8. Qc2 Bd7 9. Bd3 h6 10. g4 a4 11. b4 dxc4 12. Bxc4 Na7 13. g5 hxg5 14. Nxg5 e5 15. Nc3 b5 16. Be2 g6 17. h4 Nh7 18. Nxh7 Kxh7 19. h5 Kg7 20. hxg6 fxg6 21. Rg1 Bf5 22. Bd3 Bxd3 23. Qxd3 Qe8 24. Qe2 c6 25. Qg4 Nc8 26. Rg2 Ne7 27. Nd5 Rf5 28. Bd4 Qc8 29. Kf1 Kg8 30. Nc7 Qe8 31. Nxa8 Qxa8 32. e4 Rf7 33. Bxe5 Qd8 34. Rh2 Rh7 35. Qe6+ Kf8 36. Rxh7 Qe8 37. Qf6+ 1-0